| 000 -ლიდერი |
| ფიქსირებული სიგრძის საკონტროლო ველი |
01015nam a22001937a 4500 |
| 003 - საკონტროლო ნომრის იდენტიფიკატორი |
| საკონტროლო ველი |
Ge_BSU |
| 005 - ბოლო ოპერაციის თარიღი და დრო |
| საკონტროლო ველი |
20260316120228.0 |
| 008 - ფიქსირებული სიგრძის მონაცემთა ელემენტები - ზოგადი ინფორმაცია |
| ფიქსირებული სიგრძის საკონტროლო ველი |
260316s1992 ge ||||| |||| 00| 0 geo d |
| 041 ## - ენის კოდი |
| Language code of text/sound track or separate title |
geo |
| 080 ## - უნივერსალური ათობითი კლასიფიკაციის ინდექსი |
| Universal Decimal Classification number |
330.111.62 : 338.242.4.025.88(479.22) ლ-85 |
| 100 ## - მთავარი ჩანაწერი - პიროვნების სახელი |
| Personal name |
ლორთქიფანიძე, რევაზ |
| 9 (RLIN) |
3150 |
| 245 ## - ცნობა სათაურის შესახებ |
| Title |
საკუთრების სტრუქტურის, ფასებისა და ეროვნული ფულის პრობლემები / |
| Statement of responsibility, etc |
რევაზ ლორთქიფანიძე; [რედ.: ა. გუნია]. |
| 264 ## - წარმოების, გამოცემის, დისტრიბუციის და სხვა ცნობები |
| გამოცემის, წარმოების, დისტრიბუციის... ადგილი |
თბილისი : |
| გამოცემის, წარმოების, დისტრიბუციის... სახელწოდება |
მეცნიერება, |
| გამოცემის, წარმოების, დისტრიბუციის... თარიღი |
1992. |
| 300 ## - ფიზიკური აღწერა |
| Extent |
19 გვ. ; |
| Other physical details |
20 სმ. |
| 653 ## - INDEX TERM--UNCONTROLLED |
| Uncontrolled term |
საკუთრება. ფასები |
| 653 ## - INDEX TERM--UNCONTROLLED |
| Uncontrolled term |
ქართული ფული. პრივატიზაცია საქართველოში |
| 700 ## - ADDED ENTRY--PERSONAL NAME |
| Personal name |
გუნია, ა. |
| Relator term |
რედაქტორი |
| 9 (RLIN) |
26780 |
| 942 ## - ADDED ENTRY ELEMENTS (KOHA) |
| Source of classification or shelving scheme |
|
| Koha item type |
წიგნი |